| 000 | 00509cam a2200157 4500500 | ||
|---|---|---|---|
| 005 | 20251109005745.0 | ||
| 041 | _afre | ||
| 042 | _adc | ||
| 100 | 1 | 0 |
_aGamblin, Guillaume _eauthor |
| 700 | 1 | 0 |
_aLécroart, Pascal _eauthor |
| 245 | 0 | 0 | _aEt si on formait les adultes aux compétences relationnelles ? |
| 260 | _c2025. | ||
| 500 | _a3 | ||
| 786 | 0 | _nSilence | 547 | 10 | 2025-10-21 | p. 8-9 | 0756-2640 | |
| 856 | 4 | 1 | _uhttps://shs.cairn.info/magazine-silence-2025-10-page-8?lang=fr&redirect-ssocas=7080 |
| 999 |
_c1561620 _d1561620 |
||